000 00727cam a22001935a 4500
001 L155775
008 120416s1777 xxk f 000 0 eng d
035 _a(Sirsi) u155775
041 0 _aeng
100 1 _aNicolson, Joseph
245 0 4 _aThe history and antiquities of the counties of Westmorland and Cumberland
_bBy Joseph Nicolson, Esq; and Richard Burn, LL.D. In two volumes. ...
260 _aLondon
_bprinted for W. Strahan; and T. Cadell, in the Strand
_cMDCCLXXVII. [1777]
300 _a2v., plates
_bmaps
_c4o
583 0 _aCondition reviewed
_c20120620
_lcondition level 1 and 3, loose board
651 4 _aEngland
_y886-
690 _aConservation and restoration
700 1 _aBurn, Richard
_d1709-1785
942 _n0
999 _c113814
_d113814